Керамика: Сборник трудов I и II конференций Британского и Голландского керамических обществ

Bibliografiske detaljer
Andre forfattere: Майер А. А. (переводчик), Власов А. С.
Summary:Доп. тит. лист
Sprog:russisk
Udgivet: Москва, Металлургия, 1967
Fag:
Format: MixedMaterials Bog
KOHA link:https://koha.lib.tpu.ru/cgi-bin/koha/opac-detail.pl?biblionumber=61557

MARC

LEADER 00000nam0a2200000 4500
001 61557
005 20231031062648.0
035 |a (RuTPU)RU\TPU\book\65146 
090 |a 61557 
100 |a 20040315d1967 k y0rusy50 ca 
101 1 |a rus  |c eng 
102 |a RU 
105 |a a z 101zy 
200 1 |a Керамика  |e Сборник трудов I и II конференций Британского и Голландского керамических обществ  |f  Пер. с англ. А. А. Майера; А. С. Власова 
210 |a Москва  |c Металлургия  |d 1967 
215 |a 228 с.  |c ил. 
300 |a Доп. тит. лист 
320 |a Библиография в конце статей 
610 1 |a керамика 
610 1 |a керамические материалы 
610 1 |a спекание 
610 1 |a свойства 
610 1 |a окислы 
610 1 |a сборники 
610 1 |a труды 
610 1 |a конференции 
675 |a 666.3(063)  |v 3 
702 1 |a Майер  |b А. А.  |4 730 
702 1 |a Власов  |b А. С.  |4 730 
801 1 |a RU  |b 63413507  |c 20040315  |g PSBO 
801 2 |a RU  |b 63413507  |c 20221205  |g PSBO 
942 |c BK